A komló termesztése és gazdaságföldrajzi jelentősége

Elmentve itt :
Bibliográfiai részletek
Szerző: Karakasevich Károly
Dokumentumtípus: Cikk
Megjelent: 1957
Sorozat:A Szegedi Pedagógiai Főiskola évkönyve
Kulcsszavak:Komló termesztése, Gazdasági földrajz
Tárgyszavak:
Online Access:http://acta.bibl.u-szeged.hu/17319
LEADER 00800nab a2200229 i 4500
001 acta17319
005 20240312105606.0
008 161015s1957 hu o 0|| hun d
022 |a 0586-3686 
040 |a SZTE Egyetemi Kiadványok Repozitórium  |b hun 
041 |a hun 
041 |a ger 
041 |a rus 
100 1 |a Karakasevich Károly 
245 1 2 |a A komló termesztése és gazdaságföldrajzi jelentősége  |h [elektronikus dokumentum] /  |c  Karakasevich Károly 
260 |c 1957 
300 |a 191-213 
490 0 |a A Szegedi Pedagógiai Főiskola évkönyve 
650 4 |a Társadalomtudományok 
650 4 |a Társadalom- és gazdaságföldrajz 
695 |a Komló termesztése, Gazdasági földrajz 
856 4 0 |u http://acta.bibl.u-szeged.hu/17319/1/tanarkepzo_1957_2_191-213.pdf  |z Dokumentum-elérés